<?xml version="1.0" encoding="UTF-8"?>
<record
    xmlns:xsi="http://www.w3.org/2001/XMLSchema-instance"
    xsi:schemaLocation="http://www.loc.gov/MARC21/slim http://www.loc.gov/standards/marcxml/schema/MARC21slim.xsd"
    xmlns="http://www.loc.gov/MARC21/slim">

  <leader>00516nam a2200145Ia 4500</leader>
  <controlfield tag="008">100204s9999    xx            000 0 und d</controlfield>
  <datafield tag="082" ind1=" " ind2=" ">
    <subfield code="b">19031</subfield>
  </datafield>
  <datafield tag="100" ind1=" " ind2=" ">
    <subfield code="a">&#x926;&#x947;&#x938;&#x93E;&#x908;   &#x936;&#x94D;&#x930;&#x940;&#x915;&#x93E;&#x902;&#x924;    &#x917;&#x902;.</subfield>
  </datafield>
  <datafield tag="245" ind1=" " ind2=" ">
    <subfield code="a">&#x938;&#x93E;&#x930;&#x94D;&#x925; &#x909;&#x92A;&#x928;&#x93F;&#x936;&#x926; &#x92D;&#x93E;&#x917; 1</subfield>
  </datafield>
  <datafield tag="260" ind1=" " ind2=" ">
    <subfield code="b">"&#x938;&#x941;&#x936;&#x93F;&#x932;   &#x92A;&#x94D;&#x930;&#x915;&#x93E;&#x936;&#x928; ,   &#x92E;&#x941;&#x902;&#x92C;&#x908;"</subfield>
    <subfield code="c">1996</subfield>
  </datafield>
  <datafield tag="300" ind1=" " ind2=" ">
    <subfield code="a">132</subfield>
  </datafield>
  <datafield tag="630" ind1=" " ind2=" ">
    <subfield code="a">&#x938;&#x93E;&#x930;&#x94D;&#x925; &#x909;&#x92A;&#x928;&#x93F;&#x936;&#x926; &#x92D;&#x93E;&#x917; 1</subfield>
  </datafield>
  <datafield tag="730" ind1=" " ind2=" ">
    <subfield code="a">&#x938;&#x93E;&#x930;&#x94D;&#x925; &#x909;&#x92A;&#x928;&#x93F;&#x936;&#x926; &#x92D;&#x93E;&#x917; 1</subfield>
  </datafield>
  <datafield tag="942" ind1=" " ind2=" ">
    <subfield code="c">BOOK</subfield>
  </datafield>
  <datafield tag="999" ind1=" " ind2=" ">
    <subfield code="c">463454</subfield>
    <subfield code="d">463451</subfield>
  </datafield>
  <datafield tag="952" ind1=" " ind2=" ">
    <subfield code="0">0</subfield>
    <subfield code="1">0</subfield>
    <subfield code="4">0</subfield>
    <subfield code="7">0</subfield>
    <subfield code="a">NCKMULUND</subfield>
    <subfield code="b">NCKMULUND</subfield>
    <subfield code="d">2010-02-04</subfield>
    <subfield code="g">85.00</subfield>
    <subfield code="l">0</subfield>
    <subfield code="o">19031</subfield>
    <subfield code="p">NCKMULUND-19031</subfield>
    <subfield code="r">2010-02-04 00:00:00</subfield>
    <subfield code="v">85.00</subfield>
    <subfield code="w">2010-02-04</subfield>
    <subfield code="y">BOOK</subfield>
  </datafield>
</record>
